Unit operations of chemical engineering (Record no. 3799)

000 -LEADER
fixed length control field 00652nam a2200241 a 4500
001 - CONTROL NUMBER
control field 3799
003 - CONTROL NUMBER IDENTIFIER
control field BD-DhUET
008 - FIXED-LENGTH DATA ELEMENTS--GENERAL INFORMATION
fixed length control field 850523s1985 nyua b 001 0 eng
020 ## - INTERNATIONAL STANDARD BOOK NUMBER
International Standard Book Number 0070448280
040 ## - CATALOGING SOURCE
Modifying agency BD-DhUET
Transcribing agency 0
082 0# - DEWEY DECIMAL CLASSIFICATION NUMBER
Classification number 660.2842
Item number MCC/1985
100 1# - MAIN ENTRY--PERSONAL NAME
Personal name McCabe, Warren L.
245 10 - TITLE STATEMENT
Title Unit operations of chemical engineering
250 ## - EDITION STATEMENT
Edition statement 4th ed.
260 ## - PUBLICATION, DISTRIBUTION, ETC. (IMPRINT)
Place of publication, distribution, etc. New York
Name of publisher, distributor, etc. McGraw-Hill
Date of publication, distribution, etc. 1985
300 ## - PHYSICAL DESCRIPTION
Extent x, 960 p.
Other physical details ill.
Dimensions 25 cm.
490 1# - SERIES STATEMENT
Series statement McGraw-Hill chemical engineering series
504 ## - BIBLIOGRAPHY, ETC. NOTE
Bibliography, etc Includes bibliographies
650 #0 - SUBJECT ADDED ENTRY--TOPICAL TERM
Topical term or geographic name as entry element Chemical Processer
700 1# - ADDED ENTRY--PERSONAL NAME
Personal name Smith, Julian C.
700 1# - ADDED ENTRY--PERSONAL NAME
Personal name Harriott, Peter.
942 ## - ADDED ENTRY ELEMENTS (KOHA)
Koha item type General Book
Holdings
Sublocation or collection (holding branch) Lost status Damaged status Copy number Koha item type Koha date last borrowed Koha date last seen Koha full call number Not for loan Shelving location Source of classification or shelving scheme Date acquired Location (home branch) Withdrawn status Piece designation (barcode) Koha issues (times borrowed) Price effective from Koha normalized classification for sorting
Central Library, BUET  1General Book 2016-10-23660.2842/MCC/1985 Circulation section 2014-11-05Central Library, BUET 72739 2014-11-05660_000000000000000_2842MCC198
Central Library, BUET  2General Book 2014-11-05660.2842/MCC/1985 Circulation section 2014-11-05Central Library, BUET 77549 2014-11-05660_000000000000000_2842MCC198
Central Library, BUET  3General Book2018-11-142018-12-04660.2842/MCC/1985 Circulation section 2014-11-05Central Library, BUET 7755022014-11-05660_000000000000000_2842MCC198
Central Library, BUET  4Reading Item 2015-07-01660.2842/MCC/1985 Reading section 2015-07-01Central Library, BUET 68731 2015-07-01660_284200000000000_MCC_1985
Central Library, BUET  ৪/ক-১Rental Item 2024-11-25660.2842 MCC/1985 Rental section 1989-06-27Central Library, BUET 73910 2024-11-25660_284200000000000_MCC_1985
Central Library, BUET  ৪/ক-২Rental Item 2024-11-25660.2842 MCC/1985 Rental section 1989-06-27Central Library, BUET 73911 2024-11-25660_284200000000000_MCC_1985
Central Library, BUET  ৪/ক-৩Rental Item 2024-11-25660.2842 MCC/1985 Rental section 1989-06-27Central Library, BUET 73912 2024-11-25660_284200000000000_MCC_1985
Central Library, BUET  ৪/ক-৪Rental Item 2024-11-25660.2842 MCC/1985 Rental section 1989-06-27Central Library, BUET 73913 2024-11-25660_284200000000000_MCC_1985
Central Library, BUET  ৪/ক-৫Rental Item 2024-11-25660.2842 MCC/1985 Rental section 1989-06-27Central Library, BUET 73914 2024-11-25660_284200000000000_MCC_1985
Central Library, BUET  ৪/ক-৬Rental Item 2024-11-25660.2842 MCC/1985 Rental section 1989-06-27Central Library, BUET 73915 2024-11-25660_284200000000000_MCC_1985
Central Library, BUET  ৪/ক-৭Rental Item 2024-11-25660.2842 MCC/1985 Rental section 1989-06-27Central Library, BUET 73916 2024-11-25660_284200000000000_MCC_1985
Central Library, BUET  ৪/ক-৮Rental Item 2024-11-25660.2842 MCC/1985 Rental section 1989-06-27Central Library, BUET 73917 2024-11-25660_284200000000000_MCC_1985
Central Library, BUET  ৪/ক-৯Rental Item 2024-11-25660.2842 MCC/1985 Rental section 1989-06-27Central Library, BUET 73918 2024-11-25660_284200000000000_MCC_1985
Central Library, BUET  ৪/ক-১০Rental Item 2024-11-25660.2842 MCC/1985 Rental section 1989-06-27Central Library, BUET 73919 2024-11-25660_284200000000000_MCC_1985
Central Library, BUET  ৪/ক-২৫Rental Item 2024-11-25660.2842 MCC/1985 Rental section 1989-06-27Central Library, BUET 73934 2024-11-25660_284200000000000_MCC_1985
Central Library, BUET  ৪/ক-২৬Rental Item 2024-11-25660.2842 MCC/1985 Rental section 1989-06-27Central Library, BUET 73935 2024-11-25660_284200000000000_MCC_1985